Debates in Geography Education (Record no. 26463)
[ view plain ]
| 000 -LEADER | |
|---|---|
| fixed length control field | 01077nam a2200157 4500 |
| 020 ## - INTERNATIONAL STANDARD BOOK NUMBER | |
| ISBN | 9781138672581 |
| 082 ## - DEWEY DECIMAL CLASSIFICATION NUMBER | |
| Classification number | 910.71 |
| Item number | DEB- |
| 245 ## - TITLE STATEMENT | |
| Title | Debates in Geography Education |
| 250 ## - EDITION STATEMENT | |
| Edition statement | Second Edition |
| 260 ## - PUBLICATION, DISTRIBUTION, ETC. (IMPRINT) | |
| Place of publication | New York |
| Name of publisher | Routledge |
| Year of publication | 2018 |
| 300 ## - PHYSICAL DESCRIPTION | |
| Number of Pages | xx,321p. |
| 504 ## - BIBLIOGRAPHY, ETC. NOTE | |
| Bibliography, etc | Include Acknowledgements & Index |
| 520 ## - SUMMARY, ETC. | |
| Summary, etc | This comprehensive text encourages trainee and practising teachers to engage with and reflect on key issues, concepts and debates in geography education. Fully updated in line with the National Curriculum and the latest developments in the field, it provides a crucial exploration of the subject s expanding horizons, including powerful knowledge and the increasing prominence of fieldwork, as well as a renewed focus on the form and function of educational assessment and progression. With reflective questions, significant points of debate, and annotated further reading, it s an essential purchase for all those who want to develop a better understanding of the issues that shape their practice. |
| 700 ## - ADDED ENTRY--PERSONAL NAME | |
| Personal name | Jones, Mark |
| 942 ## - ADDED ENTRY ELEMENTS (KOHA) | |
| Source of classification or shelving scheme | Dewey Decimal Classification |
| Koha item type | Books |
| Withdrawn status | Lost status | Damaged status | Not for loan | Home library | Current library | Date acquired | Source of acquisition | Cost, normal purchase price | Full call number | Accession Number | Cost, replacement price | Price effective from | Koha item type |
|---|---|---|---|---|---|---|---|---|---|---|---|---|---|
| NASSDOC Library | NASSDOC Library | 01/02/2021 | Overseas Press India Pvt. Ltd | 2205.18 | 910.71 DEB- | 51179 | 3105.82 | 01/02/2021 | Books |
